000 00861nas a2200277 4500
001 BR9604873
003 BR-BrBNA
005 20231205095335.0
007 ta
008 230509b bl.|||p| |||| 00| 00por d
040 _aBR-BrBNA
_bpor
_cBiblioteca Nacional de Agricultura
041 _a(Pt)
072 _aH20
100 1 _aSilveira, E.B. da
100 1 _aMariano, R.L.R.
100 1 _aMichereff, S.J.
100 1 _aMenezes, M.
245 1 _aAntagonismo de Bacillus spp. contra Pseudomonas solanacearum e efeito no desenvolvimento de plantulas de tomateiro
650 _aTomate
650 _aPlantula
650 _aMurcha Bacteriana
650 _aControle Biologico
773 0 _tFitopatologia Brasileira (Brazil)
_xISSN 0100-4158
_g(Dec 1995), v. 20(4) p. 605-612
_wBR9604873
909 _a202311
_bLúcia
_c55
_dLúcia Elande
942 _2AGRIS
_n0
_cANA
999 _c150131
_d150131